A Községi választási rendtartás ismertetése

Bibliographic Details
Format: Book
Language:Hungarian
PhysicalDescription:53, [2] s. 8°
Published: Bratislava = Pozsony Concordia 1927
Subjects:

MARC

LEADER 00000nam a2200000 a 4500
001 vtls008361774
003 SK-MaSNL
005 20260301180950.0
008 251124s1927 xo hun
015 |a SKSNBA19191938-005365 
035 |a SK01SNKBIKKM20010053991 
035 |a SKM000056454 
040 |a SNK  |b slo  |c SNK  |e AACR2 
041 1 |a hun 
044 |a xo 
080 |a 324  |2 1981 
245 1 0 |a A Községi választási rendtartás ismertetése 
260 |a Bratislava  |a = Pozsony  |b Concordia  |c 1927  |e Bratislava  |e = Pozsony  |f Concordia 
300 |a 53, [2] s.  |c 8° 
650 0 7 |a komunálne voľby  |2 SNK  |9 4164 
655 7 |a knihy  |2 SNKPH  |9 307098 
852 |a Slovenská národná knižnica v Martine  |b 10000  |h MS B 5310 
852 |a Slovenská národná knižnica v Martine  |b 10000  |h MS SC 22098 
852 |a Univerzitná knižnica v Bratislave  |b 300000  |h 21 E 5112 
958 |a RK 
958 |a TL 
999 |c 848229  |d 850159 
952 |a SNK  |b SNK  |y NEVYP  |7 1  |o snkSC 22098  |i snkF 3556/66  |8 5  |0 0  |1 0  |4 0  |d 2020-01-20  |l 0  |r 2026-02-24 04:33:14  |w 2026-02-24 
952 |t B 5310  |a SNK  |b SNK  |y VYP  |7 0  |p 17A1391367  |o snkSC 22098 D1  |i snk2020/930  |8 5  |0 0  |1 0  |4 0  |d 2020-01-16  |l 0  |r 2026-02-24 04:33:14  |w 2026-02-24